Clasificación histórica Europa League - Estadísticas

Estadísticas generales
  • Esta prueba ha sido intentada 244 veces
  • La puntuación promedio es 9 de 10
Estadísticas de respuestas
Posición País Temporadas Puntos Club % Correcto
España 17 215 Sevilla F.C.
99%
Países Bajos 29 182 A.F.C. Ajax
97%
Italia 28 236 F.C. Internazionale
95%
Países Bajos 27 219 P.S.V. Eindhoven
94%
Portugal 35 225 Sporting C.P.
93%
Italia 19 200 A.S. Roma
91%
Bélgica 32 200 Club Brugge K.V.
87%
10º Serbia 31 182 F.K. Crvena Zvezda
79%
Inglaterra 16 213 Tottenham Hotspur F.C.
77%
Bélgica 21 184 R.S.C. Anderlecht
70%
No se encontraron pruebas coincidentes
Distribución de puntuación
Porcentaje de gente con cada puntuación
Porcentaje por número respondido
Historial de tus puntuaciones
No has intentado esta prueba.